000 01101nam2a22002531 4500
001 rc\3460296
005 20250610114836.0
035 _a(NLR Aleph) 007885891
090 _a7947145
_c7947145
100 _a20130115d1971 |||y0rusy50 ca
101 0 _arus
102 _aRU
105 _aa z |||||
200 1 _aИсторическая справка
_aСтруктура целлюлозных волокон. Зависимости, существующие между свойствами и структурой
_aПричины сминаемости и механизм несминаемости
210 _d1971
_aБ. м.
215 _a56 с.
_cил.
_d29
225 1 _a...
_v№ 230
300 _aПер. из: Text. chim. 1970, № 2-5
461 0 _1001rc\3460295
_12001#$aНесминаемая отделка$eЧ. 1-$vЧ. 1
_1700#1$aОкунекис$bС.
_97947140
_aОкунекис, С.
_cМытищи
_d1971-
_nБ. и.
_oЧ. 1-
_tНесминаемая отделка
_vЧ. 1
801 0 _aRU
_bNLR
_gpsbo
801 1 _aRU
_bELAR
_2rusmarc
852 _aNLR
_jП11/2625
942 _cBOOK
980 _aNB